=LDR 00000nam 2200000 4500 =001 INLIS000000000038316 =005 20130612144005 =008 ***********************************Ind** =035 ##$$0010-061300000038316 =041 ##$$a Ind =082 ##$$a 641.5 =090 ##$$a 641.5, Mul r =100 ##$$a Mulyawati, Wahyuni =245 ##$$a Resep andalan resto Indonesia, Hidangan rasa favorit, Oleh Wahyuni Mulyawati =260 ##$$a 2008 $b Jakarta =300 ##$$a 37 hlm, Ilus, 21 cm =650 ##$$a Masakan =700 ##$$a Harahap, Ilse =850 ##$$a NBPNMAT